00641nam a22001577a 450000500170000000800410001702000190005805000240007710000210010124500950012226000550021730000200027250000500029265001230034270000180046520260422093937.0260422b |||||||| |||| 00| 0 eng d a978-0765613615 aHD 30.3 .D 47 2005  aDESOUZA, KEVIN C aMANAGING INFORMATION IN COMPLEX ORGANIZATIONS: SEMIOTICS AND SIGNALS, COMPLEXITY AND CHAOS aLONDON,bROUTLEDGE TAYLOR & FRANCIS GROUP, c2005, aXiV, 248 P, ILL aINCLUDES BIBLIOGRAPHICAL REFERENCES AND INDEX a1. Communication in organizations 2. Complex organizations 3. Information theory 4. Information resources management aHENSGEN TOBIN